LEADER 01342nam 2200373 n 450 001 996393375903316 005 20200824121820.0 035 $a(CKB)4940000000114485 035 $a(EEBO)2248564134 035 $a(UnM)ocm99894920e 035 $a(UnM)99894920 035 $a(EXLCZ)994940000000114485 100 $a20790922d1703 uy 101 0 $aeng 135 $aurbn||||a|bb| 200 04$aThe stormy judgments or, The tempestuous wind$b[electronic resource] $eVVith an account of the great damage done by the high vvinds, both by sea and land; on Friday night and Saturday morning, being November the 26th. 1703. Tune of, Our Saviours birth, licensed according to order 210 $a[London] $cPrinted and sold by T.M.$d1703 215 $a1 sheet ([1] p.) $cill. (woodcuts) 300 $aVerse: "Awake awake ye drowsy sinners all ..." 300 $aReproduction of original in the British Library. 330 $aeebo-0018 606 $aStorms$zEngland$vEarly works to 1800 606 $aBallads, English$y18th century 615 0$aStorms 615 0$aBallads, English 801 0$bUk-ES 801 1$bUk-ES 801 2$bCStRLIN 801 2$bCu-RivES 801 2$bCu-RivES 906 $aBOOK 912 $a996393375903316 996 $aThe stormy judgments or, The tempestuous wind$92377066 997 $aUNISA LEADER 01073nam a2200289 i 4500 001 991000468229707536 005 20020503181347.0 008 970929s1988 it ||| | ita 020 $a8815019642 035 $ab10082025-39ule_inst 035 $aLE02516618$9ExL 040 $aFac. Economia$bita 082 0 $a336.34 245 03$aIl debito pubblico /$ca cura di Massimo Matteuzzi e Annamaria Simonazzi 260 $aBologna :$bIl mulino,$c[1988] 300 $a364 p. ;$c22 cm 490 0 $aProblemi e prospettive.$pSerie di economia 650 4$aDebito pubblico 700 1 $aMatteuzzi, Massimo 700 1 $aSimonazzi, Annamaria 907 $a.b10082025$b17-02-17$c27-06-02 912 $a991000468229707536 945 $aLE025 ECO 336 MAT01.01$g1$i2025000032743$lle025$o-$pE0.00$q-$rl$s- $t0$u6$v3$w6$x0$y.i10093539$z27-06-02 945 $aLE025 ECO 336 MAT01.01$g2$i2025000137561$lle025$o-$pE0.00$q-$rl$s- $t0$u7$v4$w7$x0$y.i14772486$z10-06-08 996 $aDebito pubblico$956025 997 $aUNISALENTO 998 $ale025$b01-01-97$cm$da $e-$fita$git $h3$i1